Auditoría práctica de estados financieros bajo NIA y papeles de trabajo (Registro nro. 17091)

Detalles MARC
000 -Cabecera
Campo de control interno 01088nam a2200229Ia 4500
005 - Fecha y hora del registro
control field 20260327112937.0
008 - Elementos de Longitud Fija
fixed length control field 260306t2025||||xx |||||||||||||| ||und||
041 ## - Idioma
Codigo Idioma ESP
082 ## - DEWEY y NOTACIÓN INTERNA
Dewey 657.45
Notación Interna V66
100 ## - AUTOR
Autor denominación Villacorta Cavero, Armando,
Término de relación autor
245 #0 - TÍTULO DE MATERIAL BIBLIOGRÁFICO
Título Auditoría práctica de estados financieros bajo NIA y papeles de trabajo
260 ## - CIUDAD, EDITORIAL, AÑO
Año 2025
300 ## - DESCRIPCIÓN
N° Páginas 510 páginas :
Dimensiones 25 cm.
650 ## - TEMAS
Temas Generalidades
654 ## - PROGRAMAS
Programa Dpto. de Contabilidad
856 ## - URL - UBICACIÓN
URI/URL: Enlace exacto del recurso <a href="https://itmsp.museknowledge.com/UCSP?url=https://www.ebooks7-24.com:443/?il=16629&pg=1">https://itmsp.museknowledge.com/UCSP?url=https://www.ebooks7-24.com:443/?il=16629&pg=1</a>
Nota pública: Versión digital <a href="Véase además: Título, Pruebas selectivas en la auditoría, por Rodrigo Estupiñán Gaitán. Versión digital">Véase además: Título, Pruebas selectivas en la auditoría, por Rodrigo Estupiñán Gaitán. Versión digital</a>
856 ## - URL - UBICACIÓN
URI/URL: Enlace exacto del recurso <a href="https://0u213u7sy-y-https-ebooks7--24-com.itmsp.museknowledge.com/biblioteca.aspx">https://0u213u7sy-y-https-ebooks7--24-com.itmsp.museknowledge.com/biblioteca.aspx</a>
Nota pública: Versión digital <a href="Véase además: Base de datos Ebook7-24">Véase además: Base de datos Ebook7-24</a>
856 ## - URL - UBICACIÓN
URI/URL: Enlace exacto del recurso <a href="https://0u21cu7sj-y-https-www-legismovil-pe.itmsp.museknowledge.com/interm/InterUCSanPablo.htm">https://0u21cu7sj-y-https-www-legismovil-pe.itmsp.museknowledge.com/interm/InterUCSanPablo.htm</a>
Nota pública: Versión digital <a href="Véase además: Base de datos LegisMóvil">Véase además: Base de datos LegisMóvil</a>
856 ## - URL - UBICACIÓN
URI/URL: Enlace exacto del recurso <a href="https://legal.legis.com.pe/home/Corporativo">https://legal.legis.com.pe/home/Corporativo</a>
Nota pública: Versión digital <a href="Véase además: Base de datos Multilegis">Véase además: Base de datos Multilegis</a>
942 ## - ELEMENTOS DE KOHA
Tipo de documento Libro
Nombre del creador Justo Noguera
Código de catalogador Justo Noguera
Esquema de clasificación Dewey Decimal Classification
Existencias
Codigo completo Registro Colección Copia número Disponibilidad Tipo de préstamo Biblioteca Actual Procedencia (Biblioteca) Ubicacón Fecha Ingreso Tipo de Adquisición Date last seen Total checkouts Price effective from Tipo de Item Estado del Material Fuente de Clasificación Damaged status Withdrawn status
657.45 V66 1082801 Universidad Católica San Pablo 1 Disponible Disponible Víctor Andrés Belaunde Víctor Andrés Belaunde Primer piso 03/06/2026 Suscripción 06/03/2026   06/03/2026 Libro Bueno Dewey Decimal Classification